000
00271nam a2200109Ia 4500
008
200302s9999 xx 000 0 und d
100
_a
D.N. Dube, Jaya Ramanathan
245
_a
Delhi: The City of Monuments
260
_b
Timeless Books
260
_c
1997
300
_a
163 P.,
999
_c
4355
_d
4355